| 000 | 00523nam a2200169 a 4500 | ||
|---|---|---|---|
| 001 | 000014912 | ||
| 005 | 20200929163925.0 | ||
| 008 | 100127s2007 dr c r 001 0 spa d | ||
| 040 |
_aDO-SdBNP _bspa _cBNPHU |
||
| 082 |
_axxx _bB446c |
||
| 100 | 1 |
_aBello, Germania, _d1958- _933760 |
|
| 245 | 1 | 0 |
_aCuando Jijo bailaba / _cGermania Bello. |
| 260 |
_aSanto Domingo : _bTavárez, _c2007. |
||
| 300 |
_a136 p. ; _cretrs. |
||
| 500 | _aIncluye datos biográficos de la autora en la contracubierta | ||
| 590 | _aInventariado, 2019/BT | ||
| 999 |
_c14492 _d14492 |
||